000 00432pab a2200169 454500
008 180718b2014 xxu||||| |||| 00| 0 eng d
100 _aChidambaram, Soundarya
245 _aPlay in the states: The Indian voter's 2014 mandate
260 _c2014
300 _ap.22-24.
362 _a26 Jul
650 _aElections - India
650 _aElections
773 _aEconomic and Political Weekly
908 _aN
909 _a104738
999 _c104733
_d104733